000 00763nam a2200241 i 4500
001 139997
003 ES-MaACL
005 20230906195953.0
007 t|
008 070214s1983 fr af |||| | fre d
020 _a2-02-00-6625-4
080 _a001(436.1W.)"1867/1918"
080 _a32(436)"1867/1918"
100 1 _aSchorske, Carl E.
_9180668
245 1 0 _aVienne, fin de siècle
_b: politique et culture /
_cCarl. E. Schorske : traduit par Yves Thoraval.
260 _aParis :
_bSeuil,
_c1983.
300 _a378 p., 8 lám. :
_bil. ;
_c24 cm.
650 4 _aPolítica y cultura-
_zAustria-
_vHistoria.
_9163059
651 4 _aViena-
_xVida intelectual.
_9162622
700 1 _aThoraval, Yves.
_9110132
852 _aES-MaACL
_jB-988
999 _c139997
_d139997